Perspective of library movement in India / (Record no. 132898)

MARC details
000 -LEADER
fixed length control field 00889nam a22002297a 4500
005 - DATE AND TIME OF LATEST TRANSACTION
control field 20170124110201.0
010 ## - LIBRARY OF CONGRESS CONTROL NUMBER
LC control number A-702201
020 ## - INTERNATIONAL STANDARD BOOK NUMBER
Terms of availability 190.00
International Standard Book Number 8170187885
035 ## - SYSTEM CONTROL NUMBER
System control number A-702201
037 ## - SOURCE OF ACQUISITION
Source of stock number/acquisition Cen Lib/Ret
040 ## - CATALOGING SOURCE
Original cataloging agency DPL
Language of cataloging EN
082 ## - DEWEY DECIMAL CLASSIFICATION NUMBER
Classification number 020
Item number ESP
100 ## - MAIN ENTRY--PERSONAL NAME
Personal name Esperanza, Sister M.
9 (RLIN) 36073
245 ## - TITLE STATEMENT
Title Perspective of library movement in India /
Statement of responsibility, etc by Sister M. Esperanza
Remainder of title an account of various facets and phases of Indian library movement and the work and contribution of Prof. P.N. Kaula, a tribute on his 71st birthday /
260 ## - PUBLICATION, DISTRIBUTION, ETC. (IMPRINT)
Name of publisher, distributor, etc B.R. publishing corporation publishing
Place of publication, distribution, etc Delhi
Date of publication, distribution, etc 1993
270 ## - ADDRESS
Address 29/9, Nangia park
City Delhi
Postal code 110007
300 ## - PHYSICAL DESCRIPTION
Extent xv,223p.
Dimensions 21cm(Hb)
500 ## - GENERAL NOTE
General note Includes appendix, bibliographical references and index
650 ## - SUBJECT ADDED ENTRY--TOPICAL TERM
Topical term or geographic name as entry element Library science
9 (RLIN) 36074
650 ## - SUBJECT ADDED ENTRY--TOPICAL TERM
Topical term or geographic name as entry element Library movement
9 (RLIN) 36075
942 ## - ADDED ENTRY ELEMENTS (KOHA)
Source of classification or shelving scheme Dewey Decimal Classification
Koha item type English Books
Classification part 020
Call number suffix ESP
Holdings
Withdrawn status Lost status Damaged status Not for loan Home library Current library Date acquired Source of acquisition Cost, normal purchase price Total Checkouts Full call number Barcode Date last seen Copy number Cost, replacement price Price effective from Koha item type
        Central Library Central Library 24/07/2015 Cen Lib/Ret 190.00   020 ESP A-702201 24/07/2015 1 190.00 24/07/2015 English Books

© Delhi Public Library
Hit Counter
free hit counter